000 01746cam a22003494a 4500
999 _c127844
_d127844
001 14123673
003 ARRUPE
005 20180328122426.0
008 050928s2006 enka b 001 0 eng
010 _a 2005028138
020 _a9780521855761 (hardcover)
020 _a0521855764 (hardcover)
040 _aDLC
_cDLC
_dDLC
042 _apcc
050 0 0 _aK1066
_b.B37 2006
082 0 0 _a346/.082
_222
100 1 _aBarth, James R.
_941216
245 1 0 _aRethinking bank regulation :
_btill angels govern /
_cJames R. Barth, Gerard Caprio, Jr., Ross Levine.
260 _aCambridge [England] ;
_aNew York :
_bCambridge University Press,
_c2006.
300 _axiv, 428 p. :
_bill. ;
_c24 cm. +
_e1 CD-ROM (4 3/4 in.)
504 _aIncludes bibliographical references and index.
505 0 _aContrasting approaches to bank regulation -- How are banks regulated and supervised around the world? -- What works best? -- Choosing bank regulations -- Rethinking bank regulation.
650 0 _aBanking law.
_941217
650 0 _aBanks and banking
_xState supervision.
_941218
650 0 _aBanks and banking
_xGovernment policy.
_941219
700 1 _aCaprio, Gerard.
_941220
700 1 _aLevine, Ross.
_941221
856 4 1 _3Table of contents only
_uhttp://www.loc.gov/catdir/toc/ecip061/2005028138.html
856 4 2 _3Publisher description
_uhttp://www.loc.gov/catdir/enhancements/fy0633/2005028138-d.html
856 4 2 _3Contributor biographical information
_uhttp://www.loc.gov/catdir/enhancements/fy0733/2005028138-b.html
906 _a7
_bcbc
_corignew
_d1
_eecip
_f20
_gy-gencatlg
942 _2lcc
_cMONOGRAPH